[Event "COL Intercollegiate-ch blitz U18 Girls"]
[Site "Paipa"]
[Date "2019.12.15"]
[Round "4"]
[White "Bustos Castillo, Sofia Lizeth"]
[Black "Vivero Orozco, Yairy Yireth"]
[Result "0-1"]
[WhiteElo "1438"]
[BlackElo "1206"]
[PlyCount "77"]
[EventDate "2019.12.15"]
[EventType "swiss (blitz)"]
[EventRounds "12"]
[EventCountry "COL"]
[SourceTitle "CBM 193 Extra"]
[Source "ChessBase"]
[SourceDate "2020.01.31"]
[SourceVersion "1"]
[SourceVersionDate "2020.01.31"]
[SourceQuality "1"]

1. d4 d5 2. c4 dxc4 3. e4 Nc6 4. Nf3 Nf6 5. Nc3 Bd7 6. Bxc4 e6 7. 0-0 Be7 8. d5 exd5 9. exd5 Na5 10. Qd3 Nxc4 11. Qxc4 0-0 12. Bf4 Bd6 13. Bxd6 cxd6 14. Rae1 a6 15. Qd3 Be8 16. Ng5 g6 17. Re3 Nd7 18. Nxh7 Kxh7 19. Rh3+ Kg7 20. Qd4+ Ne5 21. f4 Bd7 22. Re3 Re8 23. fxe5 dxe5 24. Rxe5 Rxe5 25. Qxe5+ f6 26. d6 fxe5 27. Nd5 Bb5 28. Re1 Bc4 29. Ne7 Qxe7 30. dxe7 Re8 31. Rxe5 Kf6 32. Re4 Bxa2 33. g4 g5 34. h3 Bd5 35. Rd4 Ke5 36. Rb4 b5 37. Rd4 Kxd4 38. Kf2 Bf3 39. Ke1 0-1

[Event "COL Intercollegiate-ch blitz U18 Girls"]
[Site "Paipa"]
[Date "2019.12.15"]
[Round "11"]
[White "Corredor Agamez, Nicole Vanessa"]
[Black "Bustos Castillo, Sofia Lizeth"]
[Result "1-0"]
[WhiteElo "1339"]
[BlackElo "1438"]
[PlyCount "68"]
[EventDate "2019.12.15"]
[EventType "swiss (blitz)"]
[EventRounds "12"]
[EventCountry "COL"]
[SourceTitle "CBM 193 Extra"]
[Source "ChessBase"]
[SourceDate "2020.01.31"]
[SourceVersion "1"]
[SourceVersionDate "2020.01.31"]
[SourceQuality "1"]

1. e4 e5 2. Nf3 Nc6 3. Bb5 d6 4. Bxc6+ bxc6 5. 0-0 d5 6. Nxe5 Qe7 7. Nxc6 Qd7 8. exd5 Qxd5 9. Qe1+ Be7 10. Nb4 Nf6 11. Nxd5 Nxd5 12. d4 0-0 13. Nc3 Nf6 14. Qxe7 Bb7 15. Qxc7 Be4 16. Qg3 g6 17. f3 Bxc2 18. Bh6 Rfe8 19. Rac1 Bd3 20. Rfe1 a5 21. Re3 Rxe3 22. Rd1 Re6 23. Rxd3 Nh5 24. Qc7 Re1+ 25. Kf2 Rae8 26. Ne4 Rh1 27. Nf6+ Nxf6 28. Bf4 Kg7 29. Qxa5 h6 30. d5 g5 31. Bc7 Kg6 32. h3 Re7 33. d6 Rd7 34. Bb6 Kh5 1-0

[Event "COL Intercollegiate-ch blitz U18 Girls"]
[Site "Paipa"]
[Date "2019.12.15"]
[Round "8"]
[White "Martinez Lopez, Lizeth Dayana"]
[Black "Bustos Castillo, Sofia Lizeth"]
[Result "1-0"]
[WhiteElo "1432"]
[BlackElo "1438"]
[PlyCount "57"]
[EventDate "2019.12.15"]
[EventType "swiss (blitz)"]
[EventRounds "12"]
[EventCountry "COL"]
[SourceTitle "CBM 193 Extra"]
[Source "ChessBase"]
[SourceDate "2020.01.31"]
[SourceVersion "1"]
[SourceVersionDate "2020.01.31"]
[SourceQuality "1"]

1. c4 e5 2. e3 f5 3. d4 d6 4. dxe5 Nc6 5. exd6 cxd6 6. Be2 Be6 7. Nf3 Qa5+ 8. Bd2 Qb6 9. b3 0-0-0 10. 0-0 g6 11. Nc3 Bg7 12. Rc1 Nf6 13. Nb5 Kb8 14. Bc3 d5 15. cxd5 Nxd5 16. Bxg7 Nxe3 17. Qe1 Rhe8 18. Bf6 Rd7 19. Nbd4 Nxd4 20. Bxd4 Qd6 21. Be5 Qxe5 22. Nxe5 Rd5 23. Nc4 Nxf1 24. Bxf1 Bd7 25. Ne3 Rde5 26. Qc3 f4 27. Qc7+ Ka8 28. Qxd7 fxe3 29. Qc8+ 1-0

[Event "COL Intercollegiate-ch rapid U18 Girls"]
[Site "Paipa"]
[Date "2019.12.14"]
[Round "4"]
[White "Bustos Castillo, Sofia Lizeth"]
[Black "Corredor Agamez, Nicole Vanessa"]
[Result "1/2-1/2"]
[WhiteElo "1438"]
[BlackElo "1333"]
[PlyCount "120"]
[EventDate "2019.12.14"]
[EventType "swiss (rapid)"]
[EventRounds "6"]
[EventCountry "COL"]
[SourceTitle "CBM 193 Extra"]
[Source "ChessBase"]
[SourceDate "2020.01.31"]
[SourceVersion "1"]
[SourceVersionDate "2020.01.31"]
[SourceQuality "1"]

1. d4 Nf6 2. Nf3 d6 3. Nc3 e5 4. e3 exd4 5. Nxd4 Bd7 6. Bc4 Be6 7. Bxe6 fxe6 8. Nxe6 Qe7 9. e4 Qxe6 10. 0-0 Nc6 11. Bg5 0-0-0 12. Re1 h6 13. Bh4 g5 14. Bg3 Nxe4 15. Nxe4 Bg7 16. c3 Be5 17. Qd3 Rd7 18. Rad1 Rhd8 19. b3 Bxg3 20. fxg3 Ne5 21. Qe3 d5 22. Qxa7 dxe4 23. Rxd7 Rxd7 24. Rxe4 Nc6 25. Rxe6 Nxa7 26. Rxh6 Nb5 27. c4 Nc3 28. Rh5 Rd1+ 29. Kf2 Nxa2 30. Rxg5 Rb1 31. Rg8+ Kd7 32. Rg5 Rxb3 33. Ra5 Rb2+ 34. Kf3 Nc3 35. Ra7 b6 36. h4 Rb1 37. c5 bxc5 38. Ra3 Rf1+ 39. Kg4 Ne2 40. Rd3+ Kc6 41. Rf3 Nxg3 42. Rxf1 Nxf1 43. h5 Ne3+ 44. Kf3 Nf5 45. Kf4 Ne7 46. Ke5 c4 47. Ke6 Ng8 48. Kf7 Nh6+ 49. Kg6 Ng4 50. Kg5 Ne3 51. Kf4 Nxg2+ 52. Ke4 Nh4 53. Kd4 Nf5+ 54. Kxc4 Ng7 55. h6 Nf5 56. Kd3 Nxh6 57. Ke4 Kb6 58. Kd5 Kb5 59. Ke4 Kb4 60. Kd5 Kb5 1/2-1/2

[Event "COL Intercollegiate-ch rapid U18 Girls"]
[Site "Paipa"]
[Date "2019.12.14"]
[Round "3"]
[White "Carranza Pineda, Laura Vanessa1111"]
[Black "Bustos Castillo, Sofia Lizeth"]
[Result "1-0"]
[WhiteElo "1258"]
[BlackElo "1438"]
[PlyCount "61"]
[EventDate "2019.12.14"]
[EventType "swiss (rapid)"]
[EventRounds "6"]
[EventCountry "COL"]
[SourceTitle "CBM 193 Extra"]
[Source "ChessBase"]
[SourceDate "2020.01.31"]
[SourceVersion "1"]
[SourceVersionDate "2020.01.31"]
[SourceQuality "1"]

1. e4 e5 2. Nf3 Nc6 3. Nc3 Nf6 4. Bc4 h6 5. d3 a6 6. 0-0 Na5 7. Bb3 Nxb3 8. axb3 c6 9. Nxe5 d6 10. Nc4 Be7 11. Qf3 0-0 12. Qg3 Kh7 13. e5 d5 14. Ne3 d4 15. Ng4 Nxg4 16. Ne4 Bh4 17. Qf4 f5 18. Ng3 g5 19. Qf3 f4 20. Ne4 Qe8 21. h3 Qh5 22. Nf6+ Rxf6 23. exf6 Bd7 24. Qe4+ Kg8 25. g3 fxg3 26. fxg3 Bxg3 27. f7+ Kf8 28. Kg2 Ne3+ 29. Bxe3 Qxh3+ 30. Kf3 g4+ 31. Ke2 1-0

[Event "COL-ch Superate Intercol U18 Girls"]
[Site "Barranquilla"]
[Date "2018.11.28"]
[Round "10.5"]
[White "Leal, Dayana Vanessa"]
[Black "Bustos Castillo, Sofia Lizeth"]
[Result "1-0"]
[WhiteElo "1433"]
[BlackElo "1460"]
[PlyCount "43"]
[EventDate "2018.11.28"]
[EventType "swiss (blitz)"]
[EventRounds "12"]
[EventCountry "COL"]
[SourceTitle "EXT 2024"]
[Source "ChessBase"]
[SourceDate "2023.10.10"]
[SourceVersion "1"]
[SourceVersionDate "2023.10.10"]
[SourceQuality "1"]

1. d4 d5 2. c4 e6 3. Nf3 Nc6 4. g3 Nf6 5. Bg2 a6 6. 0-0 g6 7. Nbd2 Bg7 8. Qc2 0-0 9. Rd1 h6 10. b3 Kh7 11. Bb2 Qe7 12. e4 Ng4 13. h3 Nf6 14. exd5 exd5 15. Re1 Qd6 16. Ne5 Nxe5 17. dxe5 Qc6 18. exf6 Bxf6 19. Bxd5 Qd6 20. Ne4 Qb6 21. Nxf6+ Kg7 22. Nd7+ 1-0

[Event "COL-ch U18 Girls"]
[Site "Barranquilla"]
[Date "2018.11.26"]
[Round "5"]
[White "Bustos Castillo, Sofia Lizeth"]
[Black "Palma Cardenas, Ana Maria"]
[Result "0-1"]
[WhiteElo "1460"]
[BlackElo "1311"]
[PlyCount "70"]
[EventDate "2018.11.24"]
[EventType "swiss"]
[EventRounds "7"]
[EventCountry "COL"]
[SourceTitle "CBM 187 Extra"]
[Source "ChessBase"]
[SourceDate "2018.11.04"]
[SourceVersion "1"]
[SourceVersionDate "2018.11.04"]
[SourceQuality "1"]

1. d4 Nf6 2. Nc3 g6 3. Bf4 Bg7 4. e4 d6 5. Nf3 0-0 6. Be2 Nbd7 7. 0-0 Re8 8. Qd2 c6 9. Rad1 Qc7 10. e5 Nh5 11. Ng5 Nxf4 12. Qxf4 f6 13. Bc4+ d5 14. Nxd5 cxd5 15. Bxd5+ Kh8 16. Nf7+ Kg8 17. Rde1 e6 18. Nh6+ Bxh6 19. Qxh6 exd5 20. exf6 Nxf6 21. Re3 Bf5 22. h3 Rxe3 23. Qxe3 Re8 24. Qg5 Qf7 25. g4 Bxc2 26. h4 Ne4 27. Qh6 Bd3 28. f3 Bxf1 29. fxe4 Rxe4 30. Qg5 Be2 31. h5 Rxg4+ 32. Qxg4 Bxg4 33. hxg6 Qxg6 34. b4 Qc2 35. a4 Bh3 0-1